The rim of fire : indonesia and the malay-speaking muslim world / Glenn Myers (Registro nro. 43907)
[ vista simple ]
| 000 -LÍDER | |
|---|---|
| Campo fijo de descripción fija | 009850000a22001930004500 |
| 020 ## - NÚMERO INTERNACIONAL NORMALIZADO PARA LIBROS | |
| Número Internacional Normalizado del libro | 1-85078-298-9 : Donación |
| 041 0# - CÓDIGO DE IDIOMA | |
| Código de idioma para texto/pista de sonido o título separado | |
| 001 - NÚMERO DE CONTROL | |
| Campo de control | 17243 |
| 100 1# - ASIENTO PRINCIPAL--NOMBRE PERSONAL | |
| Nombre personal | Myers, Glenn |
| 245 10 - TÍTULO | |
| Título del Material | The rim of fire : indonesia and the malay-speaking muslim world / Glenn Myers |
| 260 ## - PUBLICACIÓN, DISTRIBUCIÓN, ETC. (PIE DE IMPRENTA) | |
| Lugar de publicación, distribución, etc. | Carlisle, Inglaterra : OM Publishing |
| 300 ## - DESCRIPCIÓN FÍSICA | |
| Extensión | 64 p. |
| 505 00 - NOTA DE CONTENIDO | |
| Nota de contenido con formato preestablecido | Indonesia: un collar de islas -- creencias -- Que pasó con la iglesia -- un lugar lejano donde el evangelio ha llegado -- tiempos interesantes -- el desafío para la iglesia -- otros lugares en el rin: las Filipinas y Malasia |
| 650 14 - ASIENTO SECUNDARIO DE MATERIA - TERMINO TEMÁTICO | |
| Término temático o nombre geográfico como elemento de entrada | MISIONES \ MAHOMETANOS\ ORACION |
| 942 ## - TIPO DE MATERIAL (KOHA) | |
| Tipo de Item KOHA | Libros General |
| Estado de Material | Estado de Perdido | Estado de Dañado | No para Préstamo | Colección | Tomo | Biblioteca de Origen | Biblioteca Permanente | Fecha de Adquisición | Total de Préstamos | Signatura Topográfica | Código de Barras | Última vez visto | Ejemplar/Existencia | Fecha de Remplazo | Tipo de Material |
|---|---|---|---|---|---|---|---|---|---|---|---|---|---|---|---|
| Colección Folletos | Biblioteca FUSBC | Biblioteca FUSBC | 18/07/2011 | AV 0276 | 17258 | 12/12/2019 | 1 | 26/01/2016 | Documentos Archivo Vertical |
